000
00318nam a2200133Ia 4500
003
OSt
008
191201s2012 xx 000 0 und d
100
_a
BLAHA, Michael
245
0
_a
Object Oriented Modeling and Design with UML
260
_c
2012
_b
Pearson
_a
N. Delhi
300
_a
477
650
_a
MCA
942
_2
ddc
_c
BB
999
_c
7659
_d
7659